| 000 | 01130nam a22002895a 4500 | ||
|---|---|---|---|
| 005 | 20081218014543.0 | ||
| 008 | 081101s2008 ii a | b 00| 0 eng | ||
| 010 | _aENG-92442 | ||
| 020 |
_a9788123752624 _c50.00 |
||
| 035 | _aEN-75975 | ||
| 037 | _bDBAD / PUB | ||
| 040 | _aDPL | ||
| 082 | _a967.62 | ||
| 100 | _aGupta, Vijay | ||
| 245 |
_aKenya / _cby Vijay Gupta |
||
| 260 |
_aNew Delhi _bNational Book Trust _c2008 |
||
| 270 |
_aPlot No. 5, Institutional Area, Ph-II, Vasant Kunj _bNew Delhi _e110070 |
||
| 300 |
_avi, 192p.: _c20cm (pbk) _bcol. photos |
||
| 490 | _aAfro-Asian countries | ||
| 520 | _aCollection of lectures delivered on diverse aspects of Indian life and culture by various authors; festschrift volume. | ||
| 651 |
_aKenya _xHistory |
||
| 651 |
_aKenya _xSocial conditions. |
||
| 651 |
_aKenya _xEconomic conditions. |
||
| 651 |
_aKenya _xPolitics and government. |
||
| 942 |
_2ddc _cEN _mGUP _h967.62 |
||
| 999 |
_c20818 _d20818 |
||